| 000 | 01391cam a2200385 a 4500 | ||
|---|---|---|---|
| 001 | 14775312 | ||
| 003 | Nust | ||
| 005 | 20220829123315.0 | ||
| 008 | 070320s2007 nyu 000 1 eng | ||
| 010 | _a 2007011882 | ||
| 020 |
_a9780141036175 _cRs. 476 |
||
| 035 | _a(OCoLC)ocm86117794 | ||
| 035 | _a(OCoLC)86117794 | ||
| 038 | _aArshad | ||
| 040 |
_aDLC _cDLC _dBAKER _dJTE _dC#P _dBTCTA _dYDXCP _dVP@ _dIXA _dDLC |
||
| 043 | _aa-iq--- | ||
| 050 | 0 | 0 |
_aPS3553.U75 _bN38 2007 |
| 082 | 0 | 0 |
_a823 _bCUS |
| 100 | 1 |
_aCussler, Clive. _912104 |
|
| 245 | 1 | 4 |
_aThe navigator : _ba novel from the NUMA files / _cClive Cussler with Paul Kemprecos. |
| 260 |
_aNew York : _bG.P. Putnam's Sons, _c2007. |
||
| 300 |
_a552 p. ; _c24 cm. |
||
| 490 | 1 | _aKurt Austin adventures | |
| 650 | 0 |
_aAustin, Kurt (Fictitious character) _vFiction. _912105 |
|
| 650 | 0 |
_aMarine scientists _vFiction. _912106 |
|
| 650 | 0 |
_aIraq War, 2003-2011 _xDestruction and pillage _vFiction. _912107 |
|
| 650 | 0 |
_aArchaeological thefts _zIraq _vFiction. _912108 |
|
| 651 | 0 |
_aIraq _xAntiquities _vFiction. _912109 |
|
| 655 | 7 |
_aAdventure fiction. _2gsafd _95620 |
|
| 700 | 1 |
_aKemprecos, Paul. _912110 |
|
| 800 | 1 |
_aCussler, Clive. _tKurt Austin adventures. _912111 |
|
| 906 |
_a7 _bcbc _corignew _d1 _eecip _f20 _gy-gencatlg |
||
| 942 |
_2ddc _cBK |
||
| 999 |
_c174438 _d174438 |
||